Statistics for Canada Immigration by Country

Click here to take the quiz!

General Stats

  • This quiz has been taken 27,858 times
    (16,197 since last reset)
  • The average score is 12 of 16

Answer Stats

# PeopleCountry of Origin% Correct
338,220United States
98%
974,385China
96%
528,425United Kingdom
96%
138,645France
95%
728,160India
92%
168,010Germany
88%
242,255Italy
81%
210,090Pakistan
76%
149,615South Korea
71%
175,760Vietnam
68%
626,090Philippines
66%
149,390Poland
66%
160,680Iran
65%
143,160Portugal
55%
134,750Sri Lanka
27%
144,220Jamaica
23%

Score Distribution

Percentile by Number Answered

Percent of People with Each Score

Your Score History

You have not taken this quiz since the last reset